Indiana Pacers Leading Rebounder per year - Statistics

General Stats
  • This quiz has been taken 28 times
    26 since last reset
  • The average score is 30 of 59
Answer Stats
Year Player % Correct
2007 Jermaine O'Neal
92%
2006 Jermaine O'Neal
92%
2004 Jermaine O'Neal
92%
2003 Jermaine O'Neal
92%
2002 Jermaine O'Neal
92%
2001 Jermaine O'Neal
92%
2023 Myles Turner
92%
2017 Myles Turner
92%
2015 Roy Hibbert
75%
2013 Roy Hibbert
75%
2012 Roy Hibbert
75%
2011 Roy Hibbert
75%
1987 Chuck Person
67%
2000 Dale Davis
67%
1999 Dale Davis
67%
1998 Dale Davis
67%
1997 Dale Davis
67%
1996 Dale Davis
67%
1995 Dale Davis
67%
1994 Dale Davis
67%
2022 Domantas Sabonis
67%
2021 Domantas Sabonis
67%
2020 Domantas Sabonis
67%
2019 Domantas Sabonis
67%
2018 Domantas Sabonis
67%
2024 Pascal Siakam
67%
1981 George McGinnis
58%
1980 George McGinnis
58%
1975 George McGinnis
58%
1974 George McGinnis
58%
1986 Herb Williams
58%
1982 Herb Williams
58%
1993 Detlef Schrempf
50%
1992 Detlef Schrempf
50%
1991 Detlef Schrempf
50%
1990 Detlef Schrempf
50%
1973 Mel Daniels
42%
1972 Mel Daniels
42%
1971 Mel Daniels
42%
1970 Mel Daniels
42%
1969 Mel Daniels
42%
1985 Clark Kellogg
25%
1984 Clark Kellogg
25%
1983 Clark Kellogg
25%
2008 Jeff Foster
25%
2005 Jeff Foster
25%
2016 Ian Mahinmi
17%
1988 Steve Stipanovich
17%
1987 Steve Stipanovich
17%
1978 Dan Roundfield
8%
1977 Dan Roundfield
8%
1977 Darnell Hillman
8%
1979 James Edwards
8%
1989 LaSalle Thompson
8%
1976 Len Elmore
8%
1968 Reggie Harding
8%
2010 Troy Murphy
8%
2009 Troy Murphy
8%
2014 Andrew Bynum
0%
No matching quizzes found
Score Distribution
Percent of People with Each Score
Percentile by Number Answered
Your Score History
You have not taken this quiz since the last reset